| 000 | 00942nam a2200265 a 4500 | ||
|---|---|---|---|
| 001 | 000011897 | ||
| 005 | 20200929162617.0 | ||
| 008 | 091029s1974 sp ad 000 0 spa d | ||
| 020 | _a8433900277 | ||
| 040 |
_aDO-SdBNP _bspa _cBNPHU |
||
| 082 |
_a412 _bM928c |
||
| 100 | 1 |
_aMounin, Georges, _d1910-1993 _928135 |
|
| 240 | 1 | 0 |
_aClefs pour la sémantique _lEspañol |
| 245 | 1 | 0 |
_aClaves para la semántica / _cGeorges Mounin ; traductor Carlos Manzano. |
| 260 |
_aBarcelona : _bEditorial Anagrama, _c1974. |
||
| 300 |
_a233 p. [6] : _bil., tablas ; _c20 cm. |
||
| 490 | 1 |
_aArgumentos _v27 |
|
| 500 | _aNotas bibliográfica : p. 232-233. | ||
| 504 | _aBibliografía : p. 229-231 | ||
| 534 |
_pTítulo original en francés: _tClefs pour la sémantique _cParís : Seghers, 1972 |
||
| 650 | 4 |
_aSemántica _927831 |
|
| 650 | 4 |
_aSemántica _xMetodología _928136 |
|
| 700 | 1 |
_aManzano, Carlos, _etraductor _928137 |
|
| 830 | 0 |
_aArgumentos _n27 _928138 |
|
| 999 |
_c11567 _d11567 |
||